|
|
|
|
| LEADER |
00000cam a2200000 7i4500 |
| 001 |
0000059394 |
| 005 |
20220105104204.0 |
| 008 |
160202 |
| 020 |
|
|
|a 9789673961474
|
| 020 |
|
|
|a 9789673961511 (Set)
|
| 090 |
0 |
0 |
|a JP
|b MAL
|
| 245 |
0 |
0 |
|a Sang Arnab dan Sang Kura-Kura
|c disunting oleh Aniza Anis Sallihudin
|
| 260 |
|
|
|a JB :
|b Penerbit Pelangi Sdn. Bhd ,
|c 2011
|
| 490 |
1 |
|
|a Siri bacaan kata kunci-cerita fabel
|
| 500 |
|
|
|a Children age 4-6 years old (yellow)
|
| 650 |
|
0 |
|a Children's stories, Malay
|
| 999 |
|
|
|a 0001383903
|b Book
|c Children Collection
|e Cawangan Taman Universiti
|
| 999 |
|
|
|a 0001383905
|b Book
|c Children Collection
|e Cawangan Sri Merlong
|
| 999 |
|
|
|a 0001383906
|b Book
|c Children Collection
|e Cawangan Pontian
|
| 999 |
|
|
|a 0001383908
|b Book
|c Children Collection
|e Cawangan Bandar Tenggara
|
| 999 |
|
|
|a 0001383910
|b Book
|c Children Collection
|e Cawangan Bandar Penawar
|
| 999 |
|
|
|a 0001383911
|b Book
|c Children Collection
|e Cawangan Tmn. Ungku Tun Aminah
|
| 999 |
|
|
|a 0001383912
|b Book
|c Children Collection
|e Cawangan Taman Sri Lambak
|
| 999 |
|
|
|a 0001383913
|b Book
|c Children Collection
|e Cawangan Segamat
|
| 999 |
|
|
|a 0001383914
|b Book
|c Children Collection
|e Cawangan Batu Pahat
|
| 999 |
|
|
|a 0001383915
|b Book
|c Children Collection
|e Cawangan Bukit Gambir
|
| 999 |
|
|
|a 0001383916
|b Book
|c Children Collection
|e Cawangan Tangkak
|
| 999 |
|
|
|a 0001385577
|b Book
|c Children Collection
|e Perbadanan Perpustakaan Awam Johor
|
| 999 |
|
|
|a 0001385578
|b Book
|c Children Collection
|e Perbadanan Perpustakaan Awam Johor
|
| 999 |
|
|
|a 0001385580
|b Book
|c Children Collection
|e Cawangan Urban Transformation Centre
|
| 999 |
|
|
|a 0001385581
|b Book
|c Children Collection
|e Cawangan Urban Transformation Centre
|